| 000 | 00536nam a22001937a 4500 | ||
|---|---|---|---|
| 010 | _a190545 | ||
| 035 | _a190545 | ||
| 037 | _bCen Lib / Ret | ||
| 040 |
_aDPL _bEn |
||
| 082 |
_a332.6 _bMAR |
||
| 100 | _aMarx, Karl | ||
| 245 |
_aCapital : _ba critical analysis of capitalist production / _cby Karl Marx |
||
| 260 |
_aLondon _bSwan Sonnenschein _c1987 |
||
| 270 |
_aPaternoster Square _bLondon |
||
| 300 |
_a(v 1. 884) _c27cm(Hb) |
||
| 650 | _aCapital. | ||
| 650 | _aEconomics | ||
| 942 |
_2ddc _cEN _h332.6 _mMAR |
||
| 999 |
_c137117 _d137117 |
||